[Event "WWRR IM 2020"]
[Site "Wachtebeke"]
[Date "2020.02.26"]
[Round "7.3"]
[White "Blom, Vincent"]
[Black "Huynh, Laurent"]
[Result "1-0"]
[WhiteElo "2308"]
[BlackElo "2273"]
[Annotator "TA"]
[PlyCount "77"]
[EventDate "2020.02.22"]
[EventType "tourn"]
[EventCountry "BEL"]
[SourceTitle "playchess.com"]
[Source "ChessBase"]
[SourceQuality "1"]

{[%evp 9,77,41,34,29,85,85,84,82,79,78,113,115,135,63,102,58,57,63,83,65,186,55,58,54,73,59,63,31,101,96,94,96,103,104,93,103,108,103,113,98,110,83,134,131,150,122,118,120,175,130,168,166,185,64,71,0,105,31,211,208,187,159,283,341,340,275,529,497,716,702]} 1. c4 c5 2. g3 Nc6 3. Bg2 Nf6 4. Nf3 e6 5. O-O Be7 6. d4 {A30: Symmetrical English: Double Fianchetto and Hedgehog.} d6 (6... d5 $11) 7. dxc5 $16 dxc5 8. Qxd8+ {White is better.} Bxd8 9. Nc3 {[#]} Bc7 $146 ({Predecessor:} 9... O-O 10. Be3 Be7 11. Na4 Ne4 12. Nd2 Nxd2 13. Bxd2 Bd7 14. Be3 b6 15. Rad1 Be8 16. Rd2 Rd8 17. Rxd8 Bxd8 18. b3 Bc7 19. Nxc5 Nb4 20. a3 Nc2 21. Nd3 {½-½ (21) Mowles,K-Zivanovic,A Sydney 1996}) 10. Be3 Nd7 11. Na4 (11. Ng5 $16) 11... Bd6 12. Nd2 Nd4 $1 13. Rad1 Be7 14. Ne4 Nxe2+ 15. Kh1 {[%cal Re4c5]} Nd4 $1 {[#]} 16. Nexc5 $1 {[%mdl 512]} Nxc5 17. Nxc5 Nf5 18. Nxb7 {Hoping for Nd6+.} Nxe3 (18... Rb8 $1 $14 19. Na5 (19. Bc6+ Kf8 $16) 19... Rxb2) 19. Bc6+ Kf8 20. fxe3 {Strongly threatening Nd8.} Rb8 {[#]} 21. Nd6 $1 Bxd6 22. Rxd6 {Rd8+ is the strong threat.} Ke7 23. Rd2 $36 {[%mdl 2048] Keeping Black busy.} Rb6 24. Bf3 (24. Bg2 {is more complex.} e5 25. c5 Rb5 26. Rc1 Rd8 27. Rdc2) 24... e5 25. Kg1 f5 (25... Be6 $142) 26. Bd5 g5 27. Rc1 h5 28. c5 Rg6 (28... Rb5 $16 {might work better.}) 29. Bg2 h4 30. b4 f4 31. exf4 (31. Rd5 $18) 31... gxf4 $14 32. Re1 (32. Be4 $16 Rg5 33. g4) 32... Rh5 (32... hxg3 $11 33. Rxe5+ Kf6) 33. Rd6 (33. g4 $16 Bxg4 34. Kf2) 33... Rg8 $2 ({Black should play} 33... Rxd6 $14 34. cxd6+ Kxd6) 34. Bd5 $18 Rg7 35. g4 Bxg4 (35... Rxg4+ $16 36. Kf2 f3) 36. Kf2 Bc8 37. Rc6 Kd8 $2 {[#]} (37... Bh3 38. b5 Kd8) 38. Rd1 $1 Rd7 {[#]} (38... Rhh7 $142 39. Be4+ {[%mdl 64] Discovered Attack} Rd7) 39. Rxc8+ $1 {[%mdl 512] Accuracy: White = 68%, Black = 52%.} 1-0

[Event "WWRR IM 2020"]
[Site "Wachtebeke"]
[Date "2020.02.26"]
[Round "7.4"]
[White "Hautot, Stephane"]
[Black "De Ruiter, Danny"]
[Result "1/2-1/2"]
[WhiteElo "2322"]
[BlackElo "2265"]
[Annotator "TA"]
[PlyCount "50"]
[EventDate "2020.02.22"]
[EventType "tourn"]
[EventCountry "BEL"]
[SourceTitle "playchess.com"]
[Source "ChessBase"]
[SourceQuality "1"]

{[%evp 17,50,-2,-6,-5,0,-1,0,-10,-1,-26,-27,-14,0,0,9,0,0,-85,-80,-93,-81,-52,-18,-21,14,14,14,10,12,16,14,0,1,0,22]} 1. e4 c5 2. c4 Nc6 3. Nc3 g6 4. g3 Bg7 5. Bg2 e6 6. d3 Nge7 7. Nge2 O-O 8. O-O d6 9. Rb1 {Nowadays more popular than 9.Be3.} b6 10. Be3 {A36: Symmetrical English vs ...g6: 4 Bg2 Bg7.} Ba6 11. a3 Nd4 12. b4 Qd7 13. f4 {[#]} Rac8 $146 ({Predecessor:} 13... Rae8 14. Bf2 f5 15. b5 Nxe2+ 16. Nxe2 Bb7 17. Qb3 Kh8 18. Rbd1 d5 19. e5 d4 {0-1 (59) Alanic,X (2284)-Guilleux,F (2345) Guingamp 2008}) 14. Bf2 Nxe2+ 15. Nxe2 Rfd8 16. Qb3 d5 17. exd5 (17. Rfd1 $11 {remains equal.}) 17... exd5 $17 18. bxc5 {[#]} dxc4 $1 19. dxc4 bxc5 (19... Qe6 $5 {[%cal Ra6c4]} 20. cxb6 Bxc4 $17) 20. Nc3 {The position is equal.} Qd3 21. Nb5 {Threatens to win with Qxd3.} Qxb3 22. Rxb3 Rd7 23. a4 Nc6 24. Rc1 Nd4 25. Re3 Kf8 {Accuracy: White = 85%, Black = 86%.} 1/2-1/2

[Event "WWRR IM 2020"]
[Site "Wachtebeke"]
[Date "2020.02.26"]
[Round "7.5"]
[White "Defromont, Benjamin"]
[Black "Grochal, Joey"]
[Result "0-1"]
[WhiteElo "2263"]
[BlackElo "2303"]
[Annotator "TA"]
[PlyCount "56"]
[EventDate "2020.02.22"]
[EventType "tourn"]
[EventCountry "BEL"]
[SourceTitle "playchess.com"]
[Source "ChessBase"]
[SourceQuality "1"]

{[%evp 9,56,23,40,16,18,4,26,17,13,13,17,10,39,20,27,0,8,10,16,8,18,-8,0,-90,-63,-75,-75,-467,-452,-462,-456,-458,-460,-556,-399,-497,-497,-537,-533,-522,-519,-575,-555,-602,-605,-603,-595,-591,-545]} 1. e4 c5 2. Nf3 e6 3. d4 cxd4 4. Nxd4 Nc6 5. Nc3 Qc7 6. Qd3 {B47: Sicilian: Taimanov: 5 Nc3 Qc7 6 f4, 6 g3 and 6 Be2.} Nf6 7. Ndb5 Qb8 $1 8. Qg3 {[#] Black must now prevent Nc7+.White has an edge.} d6 $1 {next ...a6 is good for Black.} 9. Be3 {0-0-0 is the strong threat.} a6 10. Nd4 Be7 11. Be2 {[#]} ({But not} 11. Qxg7 Rg8 $15) 11... O-O $146 ({Predecessor:} 11... Bd7 12. f4 O-O 13. O-O-O b5 14. e5 dxe5 15. Nxc6 Bxc6 16. fxe5 Ne4 17. Nxe4 Bxe4 {0-1 (28) Alexakis,D (2470)-Beerdsen,T (2482) Anogia 2019}) 12. O-O Nxd4 13. Bxd4 e5 14. Be3 Be6 15. a4 Rc8 16. Bg5 {[#]} (16. Bh6 $11 Bf8 17. Bd3) 16... Rxc3 $1 $17 {[%mdl 576] Remove Defender} 17. bxc3 Nxe4 {[%mdl 64] Double Attack, Discovered Attack} 18. Bxe7 $4 {[%mdl 8192] Loses the game.} (18. Qe3 $17 Nxg5 19. h4) 18... Nxg3 $19 19. hxg3 Qc7 {[%mdl 64] Double Attack} 20. Bg5 Qxc3 21. Rab1 Bc4 22. Bxc4 Qxc4 {Black is clearly winning.} 23. Rxb7 h6 24. Be7 Qxc2 25. Bxd6 Qc6 26. Rb8+ Rxb8 27. Bxb8 f6 28. a5 Qc5 {Accuracy: White = 57%, Black = 90%.} 0-1

[Event "WWRR IM 2020"]
[Site "Wachtebeke"]
[Date "2020.02.26"]
[Round "8.1"]
[White "Dgebuadze, Alexandre"]
[Black "Grochal, Joey"]
[Result "1/2-1/2"]
[WhiteElo "2485"]
[BlackElo "2303"]
[Annotator "TA"]
[PlyCount "176"]
[EventDate "2020.02.22"]
[EventType "tourn"]
[EventCountry "BEL"]
[SourceTitle "playchess.com"]
[Source "ChessBase"]
[SourceQuality "1"]

{[%evp 15,176,0,0,-27,-22,-37,-32,-20,-20,-22,0,0,-3,-10,-8,-18,0,-1,7,0,29,23,62,72,69,64,125,124,116,127,131,104,102,103,127,79,70,54,62,41,74,20,44,27,135,135,135,135,208,216,377,348,603,587,552,511,969,972,897,872,898,863,837,825,841,808,730,731,833,822,893,871,870,746,816,811,763,742,1213,1205,1076,1055,885,749,696,331,2149,2258,1439,707,2091,1673,1182,1094,1094,0,0,9,29980,29981,29981,29982,29980,0,0,0,0,0,0,0,0,0,0,0,0,0,29973,0,0,0,0,0,0,0,0,0,0,0,0,0,0,0,0,0,0,0,0,0,0,0,0,0,0,0,0,0,0,0,0,0,0,0,0,0,0,0,0,0,0,0,0,0,0]} 1. c4 e6 2. Nf3 Nf6 3. Nc3 d5 4. e3 Be7 5. d4 O-O 6. Bd3 dxc4 7. Bxc4 c5 8. O-O a6 9. a3 {D37: Queen's Gambit Declined: 5 Bf4.} b5 10. Ba2 Bb7 11. dxc5 {Black is slightly better.} Bxc5 12. b4 Qxd1 (12... Bd6 {is interesting.} 13. Bb2 Qe7 14. Qe2 Nbd7 15. Rac1 Nb6) 13. Rxd1 Be7 14. Bb2 Nbd7 {[%cal Bb8d7,Bd7b6,Bb6a4][%mdl 32] [#]} 15. Ne2 $146 ({Predecessor:} 15. Rac1 Rfc8 16. Bb3 Kf8 17. h3 Bxf3 18. gxf3 Ne5 19. Kg2 Nc4 20. Na4 Nxb2 21. Nxb2 Rxc1 22. Rxc1 {0-1 (37) Rodic,D (2350)-Ivanovic,B (2470) Kladovo 1992}) 15... Nb6 16. Bd4 Na4 17. Bb3 Ne4 18. Ne5 Rfd8 19. f3 Nd6 20. Rac1 {And now Rc7 would win.} Bf8 (20... Nf5 $14) 21. Nf4 $16 Rdc8 22. Rxc8 Bxc8 23. Bxa4 bxa4 24. Bc5 Nb5 25. Bxf8 Kxf8 26. Rd3 (26. Nfd3 {with more complications.} Bb7 27. Nc5 Bd5 28. Rd3 Rc8 29. Nxa4 Rc1+ 30. Kf2) 26... g6 27. g4 h6 28. h4 ({White should try} 28. Kf2 $16) 28... Ke8 29. g5 $36 {[%mdl 2048] White has the initiative.} h5 (29... hxg5 $11 {remains equal.} 30. hxg5 Ra7) 30. Ne2 $1 Ra7 31. Nc3 $1 Rc7 (31... Nxc3 $16 32. Rxc3 Bd7) 32. Nxa4 $18 Rc1+ $2 (32... Ke7 33. Nc5 a5) 33. Kf2 Ra1 $2 (33... Rc7 34. Nb6 Bb7) 34. Nb6 Ra2+ 35. Kg3 Bb7 (35... Rc2 $142 36. e4 Rc7) 36. a4 Na3 37. Rd7 Bd5 38. e4 Nc4 39. Nbxc4 Bxc4 40. Rxf7 Rxa4 {[%mdl 4096] Endgame KRB-KRN} 41. Rf6 Bb3 42. Rxg6 Kf8 43. Nd7+ Kf7 44. Rf6+ Ke7 45. Ne5 Kd6 46. Nd3 Bc4 47. Nb2 Rxb4 48. Nxc4+ Rxc4 {KR-KR} 49. Rf7 Ke5 50. g6 (50. Rh7 $142 Rc1 51. Rxh5) 50... Rc8 $2 (50... Rc2 51. g7 Rc1) 51. g7 Rg8 52. Kf2 (52. f4+ $142 Kxe4 53. f5 $1 {[%mdl 512]} exf5 54. Re7+ Kd5 55. Kf4) 52... a5 53. Ke3 a4 54. f4+ Kd6 55. f5 $2 (55. Kd2 $18 Kc6 56. Kc3) 55... exf5 $11 56. exf5 Ke5 $2 {[%mdl 8192]} (56... a3 $11) 57. f6 a3 58. Rf8 a2 {[#]} 59. Rxg8 $2 (59. f7 $1 a1=Q 60. Re8+ (60. fxg8=R Qd4+ 61. Kf3 Qg4+ 62. Kf2 Qxh4+ 63. Kg2 Qg4+ 64. Kf2 Qh4+ 65. Kg2 Qg4+ 66. Kf2 Qh4+ $11) (60. fxg8=Q Qc3+ 61. Ke2 Qc2+ 62. Kf3 Qe4+ 63. Kg3 Qg6+ 64. Kh3 Qd3+ 65. Kh2 Qc2+ 66. Kh3 Qd3+ 67. Kh2 Qc2+ 68. Kh3 Qd3+ $11) 60... Kf5 61. f8=Q+ (61. fxg8=Q Qe1+ 62. Kf3 Qf1+ 63. Ke3 Qe1+ 64. Kf3 Qf1+ 65. Ke3 Qe1+ $11) 61... Rxf8 62. gxf8=Q+ Qf6 63. Qc5+ Kg6 64. Re5) 59... a1=Q {KQ-KR} 60. Re8+ Kxf6 {( -> ...Qe1+)} 61. g8=Q Qe1+ 62. Kd3 Qd1+ 63. Kc3 Qc1+ 64. Kb3 Qd1+ 65. Ka3 Qc1+ $2 {[%mdl 8192] [#]} (65... Qd6+ $11 66. Ka4 Qd7+ 67. Ka5 Qd2+ 68. Ka6 Qd3+ 69. Ka7 Qa3+ 70. Kb6 Qb4+ 71. Kc7 Qc5+ 72. Kd8 Qd4+ 73. Kc7 Qc5+ 74. Kb8 Qb5+ 75. Ka8 Qc6+ 76. Ka7 Qa4+ 77. Kb6 Qb4+ 78. Kc7 Qc5+) 66. Kb4 $2 (66. Ka4 $1 {mates} Qc6+ 67. Kb4 Qb6+ 68. Kc3 Qc6+ 69. Kd2 Qd6+ 70. Ke1 Qb4+ 71. Ke2 Qb5+ 72. Ke3 Qc5+ 73. Kf3 Qc6+ 74. Kf2 Qc2+ 75. Kg1 Qc5+ 76. Kh1 Qc6+ 77. Kh2 Qd6+ 78. Qg3 Qd2+ 79. Kg1 Qd1+ 80. Kg2 Qd2+ 81. Qf2+ Qxf2+ 82. Kxf2) 66... Qd2+ $1 {The position is equal.} 67. Kb5 Qb2+ $1 68. Kc5 Qf2+ 69. Kd6 {[%cal Re8f8]} Qf4+ 70. Kc6 Qc1+ 71. Kb6 Qb2+ 72. Ka5 Qd2+ 73. Ka4 Qd4+ 74. Ka3 Qd6+ 75. Ka4 Qd4+ 76. Kb5 {Threatening mate with Qe6+.} Qb2+ $1 77. Kc5 Qf2+ 78. Kd6 {[%cal Re8f8]} Qf4+ 79. Kc6 Qc1+ 80. Kb6 {Qe6+ would kill now.} Qb2+ 81. Ka5 Qd2+ 82. Ka4 Qd4+ 83. Ka3 {White threatens Qe6+ and mate.} Qd6+ $1 84. Kb3 Qd1+ 85. Kb2 Qd2+ 86. Kb1 {White wants to mate with Qe6+.} Qd1+ 87. Ka2 Qd2+ 88. Ka3 {Intending Qe6+ and mate.} Qd6+ {Accuracy: White = 76%, Black = 45%.} 1/2-1/2

[Event "WWRR IM 2020"]
[Site "Wachtebeke"]
[Date "2020.02.26"]
[Round "8.2"]
[White "De Ruiter, Danny"]
[Black "Defromont, Benjamin"]
[Result "1/2-1/2"]
[WhiteElo "2265"]
[BlackElo "2263"]
[Annotator "TA"]
[PlyCount "38"]
[EventDate "2020.02.22"]
[EventType "tourn"]
[EventCountry "BEL"]
[SourceTitle "playchess.com"]
[Source "ChessBase"]
[SourceQuality "1"]

{[%evp 9,38,28,25,22,36,24,26,20,27,0,45,42,75,81,90,89,85,70,48,23,25,20,15,0,0,0,0,0,0,0,0]} 1. d4 e6 2. c4 Bb4+ 3. Bd2 a5 4. Nf3 d6 5. g3 Nc6 6. Nc3 {A40: Unusual replies to 1 d4.} Nf6 7. Bg2 e5 8. dxe5 {White has an edge.} dxe5 9. a3 {[#]} Bc5 $146 ({Predecessor:} 9... Bxc3 10. Bxc3 Qe7 11. O-O a4 12. b4 axb3 13. Qxb3 O-O 14. Bb4 Nxb4 15. axb4 Bg4 {½-½ (28) Zilberman,Y (2481)-Gofshtein,L (2513) Haifa 2010}) 10. Bg5 Be6 11. Qb3 O-O 12. Rd1 Nd4 13. Nxd4 exd4 14. Nd5 ({Reject} 14. Bxb7 Qb8 $15) 14... Bxd5 15. cxd5 Re8 {The position is equal.} 16. Qc4 Bb6 17. O-O h6 18. Bxf6 Qxf6 19. Bf3 Re7 {Accuracy: White = 81%, Black = 81%.} 1/2-1/2

[Event "WWRR IM 2020"]
[Site "Wachtebeke"]
[Date "2020.02.26"]
[Round "8.3"]
[White "Huynh, Laurent"]
[Black "Hautot, Stephane"]
[Result "1/2-1/2"]
[WhiteElo "2273"]
[BlackElo "2322"]
[Annotator "TA"]
[PlyCount "31"]
[EventDate "2020.02.22"]
[EventType "tourn"]
[EventCountry "BEL"]
[SourceTitle "playchess.com"]
[Source "ChessBase"]
[SourceQuality "1"]

{[%evp 20,31,31,22,40,26,39,45,29,27,23,0,0,0]} 1. e4 d6 2. d4 Nf6 3. Nc3 Nbd7 4. Nf3 e5 5. Bc4 Be7 6. O-O O-O 7. Re1 c6 8. a4 exd4 9. Nxd4 Ne5 10. Bf1 Re8 11. h3 Bf8 {C50: Hungarian Defence and Giuoco Pianissimo.} 12. g3 Ng6 13. Bg2 Bd7 14. Bg5 h6 {[#]} 15. Bd2 $146 ({Predecessor:} 15. Be3 a6 16. f4 c5 17. Nb3 Bc6 18. Bf2 Qc7 19. a5 Rad8 20. Qd2 h5 21. Rad1 {0-1 (43) Stetsko,L (2245)-Perunovic,M (2622) Warsaw 2013}) 15... a6 16. a5 {Black got outplayed after the opening} 1/2-1/2

[Event "WWRR IM 2020"]
[Site "Wachtebeke"]
[Date "2020.02.26"]
[Round "8.4"]
[White "De Rover, Yong Hoon"]
[Black "Blom, Vincent"]
[Result "1/2-1/2"]
[WhiteElo "2370"]
[BlackElo "2308"]
[Annotator "TA"]
[PlyCount "52"]
[EventDate "2020.02.22"]
[EventType "tourn"]
[EventCountry "BEL"]
[SourceTitle "playchess.com"]
[Source "ChessBase"]
[SourceQuality "1"]

{[%evp 26,52,22,8,30,27,36,43,37,0,0,0,0,0,4,4,42,27,30,50,34,-12,-20,-22,-30,-23,-10,-20,0]} 1. e4 c6 2. d4 d5 3. Nc3 dxe4 4. Nxe4 Bf5 5. Ng3 Bg6 6. h4 h6 7. Nf3 Nd7 8. h5 Bh7 9. Bd3 Bxd3 10. Qxd3 e6 11. Bd2 Ngf6 12. O-O-O Be7 13. Kb1 O-O 14. Ne4 Nxe4 {B19: Classical Caro-Kann: 4...Bf5 main line.} 15. Qxe4 Nf6 16. Qe2 Qd5 {White is slightly better.} 17. Be3 Qb5 {17...Ng4 is vanishing.} 18. c4 {18.Rd3 injects fresh life into this line.} Qf5+ 19. Ka1 Ng4 20. Bc1 Rfd8 21. Nh4 Bxh4 $1 ({Don't play} 21... Qxh5 $6 22. f3 $16) 22. Rxh4 Nf6 {[#]} 23. Be3 $146 {Strongly threatening g4.} (23. g4 $5 {[%cal Rg4f5]} Qe4 24. Be3 $14) ({Predecessor:} 23. g4 Qe4 24. Be3 Qg2 25. g5 hxg5 26. Rhh1 g4 27. h6 Qe4 28. hxg7 Kxg7 29. f3 Qxf3 30. Qxf3 gxf3 {1-0 (37) Demir,H (1823)-Kucuksari,K (2200) Manavgat 2016}) 23... e5 24. g4 Qe6 {[#] aiming for ...exd4.} 25. dxe5 $1 Qxe5 26. Rhh1 Qe6 {Accuracy: White = 84%, Black = 88%.} 1/2-1/2

[Event "WWRR IM 2020"]
[Site "Wachtebeke"]
[Date "2020.02.27"]
[Round "9.1"]
[White "Risting, Eivind Olav"]
[Black "Dgebuadze, Alexandre"]
[Result "0-1"]
[WhiteElo "2289"]
[BlackElo "2485"]
[Annotator "TA"]
[PlyCount "160"]
[EventDate "2020.02.22"]
[EventType "tourn"]
[EventCountry "BEL"]
[SourceTitle "playchess.com"]
[Source "ChessBase"]
[SourceQuality "1"]

{[%evp 9,160,12,68,68,74,72,64,58,75,76,82,62,72,66,104,44,39,27,28,20,44,30,37,-21,-19,-21,-16,-27,-16,-57,-61,-77,-63,-105,-102,-100,-108,-108,-108,-108,-110,-104,-107,-134,-122,-128,-118,-116,-99,-106,-97,-118,-110,-116,-94,-93,-95,-96,-94,-96,-79,-91,-27,-54,-48,-64,-58,-47,-39,-51,-31,-39,-32,-32,0,-40,-38,-18,-23,-73,-65,-103,-100,-163,-89,-84,-60,-64,-43,-56,0,-83,0,-58,-58,-90,-90,-90,-89,-221,-211,-206,0,-381,-366,-481,-434,-487,-487,-386,-381,-473,-472,-431,-449,-427,-401,-522,-501,-517,-519,-516,-507,-480,-426,-400,-386,-602,-602,-575,-546,-527,-511,-501,-474,-1112,-1014,-921,-772,-29960,-29956,-29963,-29966,-29949,-12365,-29973,-29973,-29972,-29972,-29973,-29972,-29984,-29985]} 1. d4 e6 2. c4 d5 3. Nc3 c6 4. e4 Bb4 5. Bd3 dxc4 (5... dxe4 $11 6. Bxe4 Nf6) 6. Bxc4 $14 {D31: Queen's Gambit Declined: Semi-Slav without ...Nf6 (+ Marshall Gambit and Noteboom) and Exchange Variation lines without ...Nf6.} Nf6 7. e5 Nd5 8. Nge2 {White is slightly better.} b6 9. O-O O-O {[#]} 10. Ne4 $146 ({Predecessor:} 10. Bd2 Bxc3 11. bxc3 Bb7 12. Ng3 c5 13. Qg4 Ne7 14. Bg5 Qc7 15. Bxe6 fxe6 16. Qxe6+ {½-½ (33) McKeown,P (2080)-Fowler,S (2204) London 2007}) 10... Be7 11. N2g3 Ba6 12. Bxa6 ({White should play} 12. b3 $16) 12... Nxa6 13. Qe2 Nac7 14. Rd1 Kh8 15. a3 Qe8 16. f4 ({White should try} 16. Rd3 $14) 16... Rd8 $11 17. Bd2 f5 18. exf6 Nxf6 19. Ng5 Rxd4 20. Kh1 Nfd5 21. Nxe6 Nxe6 22. Qxe6 {next Nf5 is good for White.} Bf6 23. Qxe8 Rxe8 24. Re1 {[%cal Re1e8]} Re7 25. Rxe7 Bxe7 26. Nf1 Nxf4 27. Re1 Ng6 28. Bc3 Rd7 29. Ng3 Kg8 30. Nh5 Bf8 31. g4 Ne7 32. Nf4 Nd5 33. Nxd5 cxd5 $17 {[%mdl 4096] Endgame KRB-KRB} 34. Kg2 d4 35. Bd2 g6 (35... Be7 $17) 36. Kf3 Bg7 37. Ke4 d3 38. b3 Rd4+ 39. Kf3 Kf7 40. Rd1 Rd5 41. Ke4 Rd4+ (41... Ke6 {is more complex.} 42. h3 Rd4+ 43. Ke3 Rd8 44. Ke4 Rd5) 42. Kf3 $1 Bf8 43. a4 Ke6 44. Bc3 {[#]} Kd5 $1 45. g5 Bc5 46. Rd2 (46. Ba1 $17) 46... a5 (46... Be7 $19 47. Bxd4 Kxd4) 47. Rd1 Bb4 48. Bb2 Bd6 49. h3 Be5 (49... Bc5 $15) 50. Bc1 (50. Bxd4 $11 Kxd4 51. h4) 50... Bd6 51. Bb2 $1 Be7 52. h4 Rxh4 53. Rxd3+ Kc6 {Hoping for ...Rh3+.} 54. Be5 (54. Bc1 $17) 54... Bxg5 55. Bg3 Rb4 $2 ({Better is} 55... Rh1 $19 {aiming for ...Be7.} 56. Rd6+ Kc5) 56. Rc3+ $2 {[%mdl 8192]} (56. Bd6 $1 $11) 56... Kd5 $19 57. Rd3+ Rd4 58. Rc3 Bd2 59. Rc7 {Black must now prevent Rd7+.} Rd3+ {[%mdl 64] [#] Double Attack} 60. Kg2 Be3 61. Rd7+ Ke4 62. Re7+ Kf5 63. Rxh7 Rxb3 64. Re7 Bc5 65. Re5+ Kf6 {( -> ...Rxg3+)} 66. Re2 Ra3 67. Re4 g5 68. Rc4 (68. Bb8 $142) 68... Kf5 69. Bc7 Rb3 70. Rc2 Rb4 71. Ra2 Bd4 72. Kf3 (72. Bd6 $142 Rc4 73. Kh3) 72... g4+ 73. Kg2 Bb2 74. Bd8 Ke4 75. Kg3 Kd3 76. Be7 Rb3 77. Kxg4 Kc2 {Black mates.} 78. Bf6 Kb1 79. Rxb2+ Rxb2 80. Bxb2 Kxb2 {Accuracy: White = 66%, Black = 89%.} 0-1

[Event "WWRR IM 2020"]
[Site "Wachtebeke"]
[Date "2020.02.27"]
[Round "9.2"]
[White "Blom, Vincent"]
[Black "Beukema, Jasper"]
[Result "1/2-1/2"]
[WhiteElo "2308"]
[BlackElo "2329"]
[Annotator "TA"]
[PlyCount "73"]
[EventDate "2020.02.22"]
[EventType "tourn"]
[EventCountry "BEL"]
[SourceTitle "playchess.com"]
[Source "ChessBase"]
[SourceQuality "1"]

{[%evp 9,73,6,26,29,22,4,2,0,0,-5,-2,-19,-19,-25,-17,-37,13,31,23,6,45,15,52,62,62,52,56,50,63,71,74,74,74,77,77,63,57,63,65,63,73,65,130,132,121,122,137,131,411,240,362,379,322,0,77,76,599,590,633,633,540,48,69,68,66,123]} 1. c4 e5 2. g3 Nc6 3. Bg2 f5 4. Nc3 Nf6 5. b3 g6 6. Bb2 {A25: English Opening vs King's Indian with ...Nc6 but without early d3.} Bg7 {[#]} 7. h4 $146 ({Predecessor:} 7. e3 O-O 8. Nge2 Ne7 9. d4 e4 10. d5 d6 11. h4 Ng4 12. Nf4 Ne5 13. Qc2 {1-0 (36) Rapport,R (2736)-Le,Q (2704) Hengshui 2019}) 7... d6 8. Nd5 {The position is equal.} Be6 9. Nxf6+ Bxf6 10. Bxc6+ bxc6 11. d4 Qe7 12. Qd2 a5 13. dxe5 dxe5 14. Nf3 Bf7 15. Qc3 {[%cal Rf3e5]} O-O 16. Nxe5 a4 {And now ...a3 would win.} 17. Rb1 axb3 18. axb3 Rfb8 19. O-O Bxe5 20. Qxe5 Qxe5 21. Bxe5 Ra3 22. Rfd1 Be6 $1 23. Bxc7 Rbxb3 24. Rd8+ Kf7 25. Rbd1 {Strongly threatening Rh8.} Rb7 (25... Rb2 $1 $14) 26. Rh8 $1 $16 {[%cal Rh8h7]} Kg7 27. Be5+ Kh6 28. h5 $1 {Black must now prevent Rd6.} Kxh5 $2 {[%mdl 8192]} (28... Ra5 $16 {was called for.}) 29. Kg2 (29. Rd6 $142) 29... g5 (29... Kg5 {keeps fighting.} 30. Rh1 f4) 30. Rf8 $1 $18 {[%cal Rf8f6]} Bf7 {[#]} 31. Rd6 $2 ({White has to play} 31. Rfd8 $1 $18 Re7 32. Bd6) 31... Bxc4 (31... Ra2 $11 {remains equal.}) 32. Rxf5 $16 Kg4 $2 {[%mdl 8192] [#]} (32... Bxe2 $16 33. f3 Bxf3+ 34. Rxf3 Ra2+ 35. Rf2 Rxf2+ 36. Kxf2 Kg4) 33. Rf3 $1 $18 {White wants to mate with Rd4+.} Rxf3 34. exf3+ Kf5 35. Bd4 $2 (35. Bc3 $18 {[%csl Gc3][%cal Rd6f6]} Rf7 36. g4+ Kf4 37. Rd4+ {[%mdl 64] Double Attack} Ke5 38. Rxc4+ Kd5 39. Rd4+ Kc5 40. Rd8) 35... g4 36. fxg4+ Ke4 $1 37. f3+ {Accuracy: White = 77%, Black = 52%.} ({White should play} 37. Be3 $14 Bd5 38. Kh3) 1/2-1/2

[Event "WWRR IM 2020"]
[Site "Wachtebeke"]
[Date "2020.02.27"]
[Round "9.3"]
[White "Hautot, Stephane"]
[Black "De Rover, Yong Hoon"]
[Result "1/2-1/2"]
[WhiteElo "2322"]
[BlackElo "2370"]
[Annotator "TA"]
[PlyCount "31"]
[EventDate "2020.02.22"]
[EventType "tourn"]
[EventCountry "BEL"]
[SourceTitle "playchess.com"]
[Source "ChessBase"]
[SourceQuality "1"]

{[%evp 14,16,19,19,35]} 1. d4 d5 2. Bf4 Nf6 3. e3 e6 4. Nd2 Bd6 5. Bg3 c5 6. c3 Nc6 7. Ngf3 cxd4 8. exd4 Nh5 {[#] A rather calm draw. D02: 1 d4 d5 2 Nf3 sidelines, including 2...Nf6 3 g3 and 2...Nf6 3 Bf4.} {Predecessor:} 9. Bxd6 $146 Qxd6 10. Bb5 Bd7 11. O-O O-O 12. Nb3 b6 13. Re1 a6 14. Bxc6 Bxc6 15. Ne5 Nf6 16. Nd2 {½-½ (45) Rakesh,K (2416)-Gayun,D (2260) Prague 2019} 1/2-1/2